An Executive compendium of supply chain management terms (Record no. 428)
[ view plain ]
| 000 -LEADER | |
|---|---|
| fixed length control field | 00506nam a2200193Ia 4500 |
| 003 - CONTROL NUMBER IDENTIFIER | |
| control field | OSt |
| 005 - DATE AND TIME OF LATEST TRANSACTION | |
| control field | 20250708153357.0 |
| 008 - FIXED-LENGTH DATA ELEMENTS--GENERAL INFORMATION | |
| fixed length control field | 240428s9999||||xx |||||||||||||| ||und|| |
| 020 ## - INTERNATIONAL STANDARD BOOK NUMBER | |
| International Standard Book Number | 9789988313814 |
| 041 ## - LANGUAGE CODE | |
| Language code of text/sound track or separate title | eng |
| 082 ## - DEWEY DECIMAL CLASSIFICATION NUMBER | |
| Classification number | 658.7B |
| 100 ## - MAIN ENTRY--PERSONAL NAME | |
| Personal name | Boateng, Douglas (Editor) |
| 245 #3 - TITLE STATEMENT | |
| Title | An Executive compendium of supply chain management terms |
| 260 ## - PUBLICATION, DISTRIBUTION, ETC. | |
| Name of publisher, distributor, etc. | PanAvest, |
| Place of publication, distribution, etc. | [sn] : |
| Date of publication, distribution, etc. | 2014. |
| 300 ## - PHYSICAL DESCRIPTION | |
| Extent | 219p.: |
| 653 ## - INDEX TERM--UNCONTROLLED | |
| Uncontrolled term | Supply Management Terms - Reference Guide |
| 942 ## - ADDED ENTRY ELEMENTS (KOHA) | |
| Koha item type | Books |
| Source of classification or shelving scheme | Dewey Decimal Classification |
| Suppress in OPAC | No |
| Withdrawn status | Lost status | Source of classification or shelving scheme | Damaged status | Not for loan | Home library | Current library | Shelving location | Date acquired | Total checkouts | Full call number | Date last seen | Copy number | Price effective from | Koha item type |
|---|---|---|---|---|---|---|---|---|---|---|---|---|---|---|
| Dewey Decimal Classification | Main Library | Main Library | Open Shelves | 04/12/2021 | 658.7B Acc.No 2271 | 29/04/2024 | 5 | 29/04/2024 | Books | |||||
| Dewey Decimal Classification | Main Library | Main Library | Open Shelves | 08/07/2025 | 658.03E Acc.No. 10598 | 08/07/2025 | 1 | 08/07/2025 | Books | |||||
| Dewey Decimal Classification | Main Library | Main Library | 08/07/2025 | 658.7B Acc. No. 1135 C2 | 08/07/2025 | 2 | 08/07/2025 | Books | ||||||
| Dewey Decimal Classification | Main Library | Main Library | Open Shelves | 08/07/2025 | 658.03B Acc.No 2269 | 08/07/2025 | 4 | 08/07/2025 | Books | |||||
| Dewey Decimal Classification | Main Library | Main Library | Open Shelves | 08/07/2025 | 658.7B Acc.No.1136 | 08/07/2025 | 3 | 08/07/2025 | Books | |||||
| Dewey Decimal Classification | Main Library | Main Library | 08/07/2025 | 08/07/2025 | 08/07/2025 | Books |